Statistics for 2000s Oscar Supporting Actress Nominees

Click here to take the quiz!

General Stats

  • This quiz has been taken 179 times
  • The average score is 23 of 43

Answer Stats

MovieActor% Correct
ChicagoCatherine Zeta-Jones
95%
The Aviator, Notes on a Scandal, I'm Not ThereCate Blanchett
94%
Vicky Cristina BarcelonaPenélope Cruz
92%
Girl, InterruptedAngelina Jolie
91%
Cold MountainRenée Zellweger
91%
AdaptationMeryl Streep
89%
DreamgirlsJennifer Hudson
88%
Almost FamousKate Hudson
87%
A Beautiful MindJennifer Connelly
79%
Junebug, DoubtAmy Adams
73%
Brokeback MountainMichelle Williams
72%
The Constant GardenerRachel Weisz
69%
The HoursJulianne Moore
63%
Michael ClaytonTilda Swinton
63%
CloserNatalie Portman
62%
ChocolatJudi Dench
60%
Gosford ParkMaggie Smith
60%
DoubtViola Davis
58%
In the Bedroom, The WrestlerMarisa Tomei
57%
ChicagoQueen Latifah
57%
IrisKate Winslet
53%
AtonementSaoirse Ronan
52%
Almost Famous, North CountryFrances McDormand
50%
Gosford ParkHelen Mirren
50%
The Sixth SenseToni Collette
50%
Little Miss SunshineAbigail Breslin
48%
Pollock, Mystic RiverMarcia Gay Harden
47%
ThirteenHolly Hunter
44%
Billy ElliotJulie Walters
44%
About SchmidtKathy Bates
43%
Boys Don't CryChloë Sevigny
41%
KinseyLaura Linney
35%
Being John Malkovich, CapoteCatherine Keener
32%
The Curious Case of Benjamin ButtonTaraji P. Henson
32%
SidewaysVirginia Madsen
32%
Hotel RwandaSophie Okonedo
28%
Sweet and LowdownSamantha Morton
22%
Gone Baby GoneAmy Ryan
20%
American GangsterRuby Dee
20%
BabelRinko Kikuchi
15%
House of Sand and FogShohreh Aghdashloo
15%
Pieces of AprisPatricia Clarkson
13%
BabelAdriana Barraza
11%

Score Distribution

Percentile by Number Answered

Percent of People with Each Score

Your Score History

You have not taken this quiz